|
000
|
01111nam0 22002651 450
|
|
001
|
0126152705
|
|
005
|
20241126152705.0
|
|
010
|
|
@a978-7-5690-6042-3@dCNY38.00
|
|
100
|
|
@a20230912d2023 em y0chiy0121 ea
|
|
101
|
0
|
@achi
|
|
102
|
|
@aCN@b510000
|
|
105
|
|
@ay z 000yy
|
|
106
|
|
@ar
|
|
200
|
1
|
@a公共说理为什么重要@Agong gong shuo li wei shen me zhong yao@d= Why is public reasoning important@f李文倩著@zeng
|
|
210
|
|
@a成都@c四川大学出版社@d2023.07
|
|
215
|
|
@a178页@d21cm
|
|
314
|
|
@a李文倩, 男, 1985年出生, 西华师范大学文学院副教授 (2023-), 四川师范大学文艺美学博士 (2016), 湖南大学外国哲学博士后 (2019-2023) 。
|
|
330
|
|
@a本书分论文、评论两辑, 收录了《公共说理为什么重要? 》《纳斯鲍姆论脆弱性与好生活》《清晰性为什么值得追求? 》《逻辑在社会-政治领域中的必要与限度》《自由与教育》《美德、理性与自由》等文章。
|
|
510
|
1
|
@aWhy is public reasoning important@zeng
|
|
606
|
0
|
@a政治哲学@Azheng zhi zhe xue@j文集
|
|
690
|
|
@aD0@v5
|
|
690
|
|
@aD0-53@v5
|
|
701
|
0
|
@a李文倩,@Ali wen qian@f1985-@4著
|
|
801
|
0
|
@aCN@b人天书店@c20230912
|
|
905
|
|
@aCKNYKJZYXY@b300719059-61@dD0@e279@f3
|
|
|
|
|
| |
| 公共说理为什么重要= Why is public reasoning important/李文倩著.-成都:四川大学出版社,2023.07 |
| 178页;21cm |
| |
| |
| ISBN 978-7-5690-6042-3:CNY38.00 |
| 本书分论文、评论两辑, 收录了《公共说理为什么重要? 》《纳斯鲍姆论脆弱性与好生活》《清晰性为什么值得追求? 》《逻辑在社会-政治领域中的必要与限度》《自由与教育》《美德、理性与自由》等文章。 |
| ● |
正题名:公共说理为什么重要
索取号:D0/279
 
预约/预借
| 序号
|
登录号
|
条形码
|
馆藏地/架位号
|
状态
|
备注
|
|
1
|
719059
|
300719059
|
柳城-3楼/4架4列4层/
[索取号:D0/279]
|
在馆
|
|
|
2
|
719060
|
300719060
|
柳城-3楼/4架4列4层/
[索取号:D0/279]
|
在馆
|
|
|
3
|
719061
|
300719061
|
柳城-3楼/4架4列4层/
[索取号:D0/279]
|
在馆
|
|